| 000 | 01225cam a22003377a 4500 | ||
|---|---|---|---|
| 003 | CHAP | ||
| 005 | 20220329135934.0 | ||
| 008 | 971013s r 00010 d | ||
| 010 | _a44388 | ||
| 011 | _a45360 | ||
| 035 | _a49499 | ||
| 040 | _cCHAP | ||
| 082 |
_a630.72 _bI48gi |
||
| 110 |
_aINIA. México. Campo Agrícola Experimental Tecomán _958521 |
||
| 245 | 0 | _aInforme, avances y necesidades de investigación agrícola, 19 - | |
| 260 |
_aZaragoza, Coah. : _bEl Instituto, _c19 - |
||
| 300 | _av. | ||
| 500 | _aLa biblioteca tiene: 1975, 1976 | ||
| 590 |
_aBATCH-UPD _b10 _c20130110 _lUCH01 _h0025 |
||
| 590 |
_aBATCH-UPD _b10 _c20130110 _lUCH01 _h2127 |
||
| 590 |
_aBATCH-UPD _b10 _c20130409 _lUCH01 _h2006 |
||
| 590 |
_aBATCH-UPD _b10 _c20130913 _lUCH01 _h2057 |
||
| 590 |
_aCONVERSION _b10 _c20130109 _lUCH01 _h1324 |
||
| 650 | 1 | 4 |
_aAgricultura _xCoahuila. _91365 |
| 650 | 1 | 4 |
_aAgricultura _xInvestigación _xCoahuila. _91601 |
| 901 | _aBK | ||
| 942 | _cLIBRO | ||
| 949 |
_a630.72 I48gi _bBC _cLIBRO _d33724000038717 _eLIBRO _f1975 c.2 _h66385 _i49499 _si |
||
| 949 |
_a630.72 I48gi _bBC _cLIBRO _d33724000038725 _eLIBRO _f1975 _h66162 _i49499 _si |
||
| 949 |
_a630.72 I48gi _bBC _cLIBRO _d33724000038782 _eLIBRO _f1976 _h60721 _i49499 _si |
||
| 999 |
_c44388 _d44388 |
||